鎌倉幕府歴代将軍 - Statistics

General Stats
  • This quiz has been taken 6 times
  • The average score is 7 of 9
Answer Stats
第n代 名前 % Correct
初代 源頼朝
100%
第2代 源頼家
100%
第3代 源実朝
100%
第4代 藤原頼経
100%
第5代 藤原頼嗣
67%
第6代 宗尊親王
67%
第9代 守邦親王
67%
第7代 惟康親王
33%
第8代 久明親王
33%
No matching quizzes found
Score Distribution
Percent of People with Each Score
Percentile by Number Answered
Your Score History
You have not taken this quiz